000 00623nam a2200217Ia 4500
005 20241129120203.0
008 241129s9999||||xx |||||||||||||| ||und||
020 _a9789391982027
037 _aTB
040 _aSDCL
_beng
_cSDCL
041 _aeng
_2eng
084 _aX:(G:55), R3
_qSDCL
100 _aAggarwal Usha
245 0 _aCultural heritage management & sustainable development: A study of Madhya Pradesh
260 _aNew Delhi
_bLG Publishers Distributors
_c2023
300 _axiv,276p.
365 _aINR
_b750
650 _aReference
942 _cTB
_hX:(G:55), R3
999 _c1233714
_d1233714